| 000 | 00525nam a22001937a 4500 | ||
|---|---|---|---|
| 999 |
_c20780 _d20780 |
||
| 003 | AR-CdUCM | ||
| 008 | 190605b ||||| |||| 00| 0 spa d | ||
| 040 |
_aMUNICIPALIDAD PROVINCIAL DEL CUSCO _cBIBLIOTECA MUNICIPAL DEL CUSCO |
||
| 082 |
_a865.56 / _bS21 |
||
| 100 |
_aSanchezlihon, Danilo _943397 |
||
| 245 | _aLa actas / | ||
| 260 |
_aLima : _c1970. |
||
| 300 |
_a11 páginas : _c25 cm. |
||
| 505 | _aContenido : Cantos. | ||
| 650 |
_aLiteratura _983 |
||
| 650 |
_aCantos _91085 |
||
| 942 |
_2ddc _cLIBROS |
||
| 945 | _arcc | ||